[Event "Berlin Eckbauer op 21st"]
[Site "Berlin"]
[Date "2018.11.26"]
[Round "7"]
[White "Wuesthoff, Ralf"]
[Black "Hankow, Bert Juergen"]
[Result "1/2-1/2"]
[WhiteElo "1631"]
[BlackElo "2018"]
[PlyCount "46"]
[EventDate "2018.10.08"]
[EventType "swiss"]
[EventRounds "7"]
[EventCountry "GER"]
[SourceTitle "CBM 189 Extra"]
[Source "ChessBase"]
[SourceDate "2019.06.03"]
[SourceVersion "1"]
[SourceVersionDate "2019.06.03"]
[SourceQuality "1"]

1. d4 Nf6 2. Nf3 d5 3. e3 e6 4. Bd3 c5 5. c3 Nc6 6. Nbd2 Bd6 7. 0-0 h6 8. dxc5 Bxc5 9. e4 0-0 10. Qc2 b6 11. h3 Bb7 12. exd5 Nxd5 13. Nc4 Rc8 14. Re1 Ndb4 15. Bh7+ Kh8 16. Qb1 Nd5 17. Nce5 Nxe5 18. Nxe5 Qf6 19. Ng4 Qd8 20. Ne5 Nf6 21. Bc2 Qd5 22. Nf3 Rcd8 23. Be3 Be7 1/2-1/2

[Event "Berlin Eckbauer op 14th"]
[Site "Berlin"]
[Date "2011.10.31"]
[Round "3.13"]
[White "Wuesthoff, Ralf"]
[Black "Koenig, Frank"]
[Result "1/2-1/2"]
[WhiteElo "1607"]
[BlackElo "1979"]
[PlyCount "94"]
[EventDate "2011.10.17"]
[EventType "swiss"]
[EventRounds "7"]
[EventCountry "GER"]
[SourceTitle "EXT 2022"]
[Source "ChessBase"]
[SourceDate "2021.10.06"]
[SourceVersion "1"]
[SourceVersionDate "2021.10.06"]
[SourceQuality "1"]

1. d4 Nf6 2. Nf3 g6 3. Bg5 Bg7 4. Nbd2 0-0 5. e3 d5 6. c3 Nbd7 7. b4 Ne8 8. a4 a5 9. b5 c6 10. Rb1 Nd6 11. Bf4 Ne4 12. Nxe4 dxe4 13. Nd2 Nf6 14. bxc6 bxc6 15. Bc4 Bf5 16. h3 h5 17. 0-0 Nd5 18. Bxd5 cxd5 19. Nb3 f6 20. Nc5 e5 21. Bh2 exd4 22. cxd4 Bc8 23. Qb3 Kh7 24. Rb2 f5 25. Rfb1 g5 26. Qd1 Qe8 27. Rb8 Rxb8 28. Rxb8 f4 29. Rb5 f3 30. Qb3 Qf7 31. Bd6 Re8 32. Rxa5 fxg2 33. Rb5 Qf3 34. Rb8 Qxh3 35. Bh2 Rf8 36. Qc2 g4 37. Nxe4 dxe4 38. Rxc8 g3 39. Qxe4+ Rf5 40. fxg3 Kh6 41. Rc6+ Bf6 42. Qxg2 Qg4 43. Rc1 Bg5 44. Qc6+ Rf6 45. Qe8 Qf3 46. Qh8+ Kg6 47. Qg8+ Kh6 1/2-1/2

[Event "Berlin Eckbauer op 13th"]
[Site "Berlin"]
[Date "2010.09.27"]
[Round "3.26"]
[White "Wenkheimer, Rolf"]
[Black "Wuesthoff, Ralf"]
[Result "1/2-1/2"]
[WhiteElo "1752"]
[BlackElo "1617"]
[PlyCount "39"]
[EventDate "2010.09.13"]
[EventType "swiss"]
[EventRounds "7"]
[EventCountry "GER"]
[SourceTitle "EXT 2022"]
[Source "ChessBase"]
[SourceDate "2021.10.06"]
[SourceVersion "1"]
[SourceVersionDate "2021.10.06"]
[SourceQuality "1"]

1. e4 c5 2. Nf3 Nc6 3. d4 cxd4 4. Nxd4 g6 5. Be3 Bg7 6. c3 Nf6 7. f3 0-0 8. Bd3 e5 9. Nxc6 bxc6 10. Nd2 d5 11. Qe2 Be6 12. 0-0 Nd7 13. Nb3 f5 14. exf5 Bxf5 15. Rad1 Qc7 16. g4 Bxd3 17. Rxd3 Rf7 18. Nc5 Nxc5 19. Bxc5 Bf8 20. Be3 1/2-1/2

[Event "Berlin Eckbauer op 09th"]
[Site "Berlin"]
[Date "2006.11.20"]
[Round "7"]
[White "Wuesthoff, Ralf"]
[Black "Wallmann, Bodo"]
[Result "1/2-1/2"]
[WhiteElo "1639"]
[BlackElo "1661"]
[PlyCount "50"]
[EventDate "2006.10.09"]
[EventType "swiss"]
[EventRounds "7"]
[EventCountry "GER"]
[SourceTitle "EXT 2022"]
[Source "ChessBase"]
[SourceDate "2021.10.06"]
[SourceVersion "1"]
[SourceVersionDate "2021.10.06"]
[SourceQuality "1"]

1. d4 d5 2. Nf3 Nf6 3. Nbd2 Bf5 4. c4 e6 5. Qb3 Qc8 6. cxd5 exd5 7. Ne5 Be6 8. Ndf3 h6 9. Bd2 Bd6 10. Rc1 0-0 11. e3 Nbd7 12. Bb4 Bxb4+ 13. Qxb4 Nxe5 14. Nxe5 c6 15. Bd3 Nd7 16. f4 Nxe5 17. fxe5 Rb8 18. 0-0 Qd8 19. Qe1 f5 20. exf6 Rxf6 21. Qg3 Rc8 22. h4 Qc7 23. Qxc7 Rxc7 24. Rxf6 gxf6 25. Rf1 Kg7 1/2-1/2